000
00269nam a22001097a 4500
041
_a
eng
080
_a
80
100
_a
Лебединская, Б. Я.
245
_a
Фонетический практикум по англ. яз
650
_a
Phonetics
999
_c
280813
_d
280813
942
_c
BK